MARC details
| 000 -LEADER |
| fixed length control field |
01247nam a2200337Ia 4500 |
| 005 - DATE AND TIME OF LATEST TRANSACTION |
| control field |
20220511101658.0 |
| 008 - FIXED-LENGTH DATA ELEMENTS--GENERAL INFORMATION |
| fixed length control field |
210716s2009 xx 000 0 und d |
| 020 ## - INTERNATIONAL STANDARD BOOK NUMBER |
| International Standard Book Number |
9780195698374 |
| 040 ## - CATALOGING SOURCE |
| Transcribing agency |
AIMIT LIBRARY |
| 041 ## - LANGUAGE CODE |
| Language code of text/sound track or separate title |
eng |
| 082 ## - DEWEY DECIMAL CLASSIFICATION NUMBER |
| Classification number |
658.322 |
| Edition number |
1st |
| Item number |
BHAD |
| 100 ## - MAIN ENTRY--PERSONAL NAME |
| Personal name |
Bhattacharyya, Dipak Kumar. |
| 9 (RLIN) |
35818 |
| 245 ## - TITLE STATEMENT |
| Title |
Compensation management / |
| Statement of responsibility, etc. |
By Dipak Kumar Bhattacharyya |
| 250 ## - EDITION STATEMENT |
| Edition statement |
1st ed. |
| 260 ## - PUBLICATION, DISTRIBUTION, ETC. |
| Place of publication, distribution, etc. |
New Delhi : |
| Name of publisher, distributor, etc. |
Oxford University Press , |
| Date of publication, distribution, etc. |
2009. |
| 300 ## - PHYSICAL DESCRIPTION |
| Extent |
xv, 448p. ; |
| Dimensions |
24.2 cm. |
| 650 ## - SUBJECT ADDED ENTRY--TOPICAL TERM |
| Topical term or geographic name entry element |
Compensation Management |
| 9 (RLIN) |
35819 |
| 650 ## - SUBJECT ADDED ENTRY--TOPICAL TERM |
| Topical term or geographic name entry element |
Labour Market |
| 9 (RLIN) |
35820 |
| 650 ## - SUBJECT ADDED ENTRY--TOPICAL TERM |
| Topical term or geographic name entry element |
Economic Theories and Compensation Management |
| 9 (RLIN) |
35821 |
| 650 ## - SUBJECT ADDED ENTRY--TOPICAL TERM |
| Topical term or geographic name entry element |
Compensation Management and Job Design |
| 9 (RLIN) |
35822 |
| 650 ## - SUBJECT ADDED ENTRY--TOPICAL TERM |
| Topical term or geographic name entry element |
Performance-related Compensation |
| 9 (RLIN) |
35823 |
| 650 ## - SUBJECT ADDED ENTRY--TOPICAL TERM |
| Topical term or geographic name entry element |
Team based Compensation |
| 9 (RLIN) |
35824 |
| 650 ## - SUBJECT ADDED ENTRY--TOPICAL TERM |
| Topical term or geographic name entry element |
Executive Compensation |
| 9 (RLIN) |
35825 |
| 650 ## - SUBJECT ADDED ENTRY--TOPICAL TERM |
| Topical term or geographic name entry element |
Employee Benefits |
| 9 (RLIN) |
35826 |
| 650 ## - SUBJECT ADDED ENTRY--TOPICAL TERM |
| Topical term or geographic name entry element |
Employee Motivation and Compensation |
| 9 (RLIN) |
35827 |
| 650 ## - SUBJECT ADDED ENTRY--TOPICAL TERM |
| Topical term or geographic name entry element |
Strategic Compensation Management |
| 9 (RLIN) |
35828 |
| 650 ## - SUBJECT ADDED ENTRY--TOPICAL TERM |
| Topical term or geographic name entry element |
Sales Compensation Plan |
| 9 (RLIN) |
35829 |
| 650 ## - SUBJECT ADDED ENTRY--TOPICAL TERM |
| Topical term or geographic name entry element |
Quantitative Tools and Innovation in Compensation |
| 9 (RLIN) |
35830 |
| 650 ## - SUBJECT ADDED ENTRY--TOPICAL TERM |
| Topical term or geographic name entry element |
International Compensation Management |
| 9 (RLIN) |
35831 |
| 942 ## - ADDED ENTRY ELEMENTS (KOHA) |
| Source of classification or shelving scheme |
Dewey Decimal Classification |
| Koha item type |
Book |
| Edition |
1st |
| Call number prefix |
658.322 BHAD |